000
00270nam a2200121Ia 4500
008
190216s9999||||xx |||||||||||||| ||und||
100
_a
Grandad Adbin
245
0
_a
Vaikam Muhamed Basheer
260
_b
Penguin Books
300
_a
205
650
_a
English
942
_c
BK
999
_c
13741
_d
13741